Qué piensan padres y profesores de la escuela y unos de otros /

Este trabajo define la comunidad escolar y la distingue de la implicación paterna y de la asociación escuela-familia. El artículo informa a continuación sobre los resultados de una encuesta a padres y profesores de 63 escuelas de educación infantil y primaria. Las escuelas pertenecen a entornos rura...

Full description

Bibliographic Details
Main Author: Redding, Sam
Format: Analitica de revista
Language:Spanish
Published: Madrid Fundación Infancia y Aprendizaje 2006
Online Access:Acceso electrónico al documento (tablas de contenido y resúmenes)

MARC

LEADER 00000cab a2200000 a 4500
001 026521
003 UAHC_CL
005 20180809172328.0
008 060704b xx j 000 1 spa
952 |0 0  |1 0  |2 ddc  |4 0  |6 C__E0304_06_000000000000000  |7 0  |8 COMP  |9 53432  |a BC  |b BC  |c General  |d 2017-08-03  |l 0  |o C & E-03-04/06  |r 2018-01-17 00:00:00  |t 1  |w 2017-08-03  |y REVA 
999 |c 26521  |d 26521 
037 |a Fundación Infancia y Aprendizaje: Crtra. de Canillas, 138, 16 C, 28043. Tf. 7596892; Fax: 3003527; correo electrónico: fundacionia@fia.es 
037 |a Fundación Infancia y Aprendizaje: Crtra. de Canillas, 138, 16 C, 28043. Tf. 7596892; Fax: 3003527; correo electrónico: fundacionia@fia.es 
040 |a UAHC_CL  |c UAHC_CL  |d UAHC_CL 
100 1 |a Redding, Sam 
245 1 0 |a Qué piensan padres y profesores de la escuela y unos de otros /  |c Sam Redding. 
260 |b Fundación Infancia y Aprendizaje  |a Madrid  |c 2006 
300 |a pp. 267-281 
310 |a Trimestral 
500 |a En: C & E, n¼3-4, vol. 18, 2006. pp. 267-281. ISSN 11356405. 
520 |a Este trabajo define la comunidad escolar y la distingue de la implicación paterna y de la asociación escuela-familia. El artículo informa a continuación sobre los resultados de una encuesta a padres y profesores de 63 escuelas de educación infantil y primaria. Las escuelas pertenecen a entornos rurales y urbanos, con un alumnado mayoritariamente no blanco y de altos índices de pobreza. La encuesta preguntaba a padres y profesores acerca de sus percepciones sobre su escuela y sus relaciones entre ellos; asimismo se indagaba acerca de los procesos familiares que influyen en el aprendizaje de los alumnos en la escuela. Este estudio establece las normas que definen los integrantes de la comunidad escolar en las escuelas de educación infantil y primaria de contextos con altos índices de pobreza, normas que serán útiles en subsiguientes análisis de las diferencias entre escuelas. 
773 0 |t C&E : cultura y educación, revista de teoría, investigación y práctica  |w 026402 
856 |u http://dialnet.unirioja.es/servlet/listaarticulos?tipo_busqueda=EJEMPLAR&revista_busqueda=252&clave_busqueda=146774  |y Acceso electrónico al documento (tablas de contenido y resúmenes) 
900 |a C & E-03-04/06 
942 |c REVA  |2 ddc